国別の通貨 - Statistics

General Stats
  • This quiz has been taken 885 times
  • The average score is 85 of 193
Answer Stats
国名 通貨 % Correct
アメリカ合衆国 | アンティグア・バーブーダ | エクアドル | +29 others ドル
99%
日本
98%
アイルランド | アンドラ | イタリア | +18 others ユーロ
95%
エルサルバドル コロン
92%
中華人民共和国
88%
エストニア クローン
87%
クロアチア クーナ
87%
ラトビア ラッツ
87%
リトアニア リタス
87%
大韓民国 | 朝鮮民主主義人民共和国 ウォン
83%
イギリス | エジプト | シリア | +3 others ポンド
70%
アルゼンチン | ウルグアイ | キューバ | +5 others ペソ
66%
ギニア | コモロ | コンゴ民主共和国 | +3 others フラン
52%
インド | スリランカ | セーシェル | +3 others ルピー
49%
ベラルーシ | ロシア ルーブル
48%
ベトナム ドン
42%
タイ バーツ
41%
トルコ リラ
38%
ボスニア・ヘルツェゴビナ マルク
30%
デンマーク | ノルウェー クローネ
24%
アイスランド | スウェーデン クローナ
18%
スイス | リヒテンシュタイン スイスフラン
18%
インドネシア ルピア
16%
ブラジル レアル
15%
アルジェリア | イラク | クウェート | +6 others ディナール
14%
南アフリカ ランド
14%
イエメン | イラン | オマーン リアル
12%
マレーシア リンギット
12%
アラブ首長国連邦 | モロッコ ディルハム
11%
ウガンダ | ケニア | ソマリア | タンザニア シリング
10%
カタール | サウジアラビア リヤル
10%
カメルーン | ガボン | ギニアビサウ | +11 others CFAフラン
10%
バングラデシュ タカ
7%
アフガニスタン アフガニ
6%
アゼルバイジャン | トルクメニスタン マナト
5%
キルギス ソム
5%
チェコ コルナ
5%
ハンガリー フォリント
5%
ベネズエラ ボリバル
5%
ウズベキスタン スム
4%
カザフスタン テンゲ
4%
ポーランド ズウォティ
4%
マダガスカル アリアリ
4%
モンゴル トゥグルグ
4%
アルメニア ドラム
3%
ウクライナ フリヴニャ
3%
カーボベルデ エスクード
3%
カンボジア リエル
3%
ジョージア ラリ
3%
コスタリカ コロン
3%
タジキスタン ソモニ
3%
パラグアイ グアラニー
3%
ブルガリア レフ
3%
ボツワナ プラ
3%
ミャンマー チャット
3%
ラオス キップ
3%
アルバニア レク
2%
アンゴラ クワンザ
2%
エチオピア ブル
2%
グアテマラ ケツァル
2%
ザンビア | マラウイ クワチャ
2%
ナイジェリア ナイラ
2%
パプアニューギニア キナ
2%
ブータン ニュルタム
2%
ペルー ソル
2%
ボリビア ボリビアーノ
2%
モルディブ ルフィア
2%
モルドバ | ルーマニア レイ
2%
レソト ロチ
2%
エリトリア ナクファ
1%
ガーナ セディ
1%
ガンビア ダラシ
1%
サモア タラ
1%
シエラレオネ レオン
1%
エスワティニ リランゲニ
1%
トンガ パアンガ
1%
ニカラグア コルドバ
1%
ハイチ グールド
1%
パナマ バルボア
1%
バヌアツ バツ
1%
ホンジュラス レンピラ
1%
モーリタニア ウギア
1%
モザンビーク メティカル
1%
サントメ・プリンシペ ドブラ
0%
No matching quizzes found
Score Distribution
Percent of People with Each Score
Percentile by Number Answered
Your Score History
You have not taken this quiz